000 00496nam a2200181Ia 4500
005 20240425055436.0
008 240331s9999 xx 000 0 und d
020 _a0822302683
082 _bJAY
_a331.4
100 _aJayawardena, Kumari Visakha
245 4 _aThe Rise of the Labour Movement in Ceylon
_c Visakha Kumari Jayawardena
260 _aSri Lanka
_bSanjiva Prakashana
300 _axvi, 382 p .,
650 _aNationalisum
650 _aPolitical
650 _aEconomic
942 _cL
999 _c5772
_d5772